Normal view
MARC view
Entry Personal Name
001 - CONTROL NUMBER
- control field: 52246
003 - CONTROL NUMBER IDENTIFIER
- control field: ARRUPE
005 - DATE AND TIME OF LATEST TRANSACTION
- control field: 20230321095104.0
008 - FIXED-LENGTH DATA ELEMENTS
- fixed length control field: 230321|| aca||aabn | a|a d
040 ## - CATALOGING SOURCE
- Original cataloging agency: ARRUPE
- Transcribing agency: ARRUPE
100 ## - HEADING--PERSONAL NAME
- Personal name: Bee,Hellen
670 ## - SOURCE DATA FOUND
- Source citation: Work cat.: (ARRUPE)131691: Bee,Hellen, The developing child;, 1992.